A cisz és a transz 2-oxi-metil C-hexanol és származékai kémiája

Elmentve itt :
Bibliográfiai részletek
Szerző: Tuba Zoltán
További közreműködők: Kovács Ödön (Témavezető)
Dokumentumtípus: Disszertáció
Megjelent: 1960
Kulcsszavak:Szerves kémia
Tárgyszavak:
Online Access:http://doktori.ek.szte.hu/8690
LEADER 00692nta a2200205 i 4500
001 dokt8690
005 20240320134242.0
008 240320s1960 hu om 0|| hun d
040 |a SZTE Doktori Repozitórium  |b hun 
041 |a hun 
100 1 |a Tuba Zoltán 
245 1 2 |a A cisz és a transz 2-oxi-metil C-hexanol és származékai kémiája  |h [elektronikus dokumentum] /  |c  Tuba Zoltán 
260 |c 1960 
502 |a Disszertacio 
650 4 |a kémiai tudományok 
650 4 |a Természettudományok 
650 4 |a Kémiai tudományok 
695 |a Szerves kémia 
700 0 1 |a Kovács Ödön  |e ths 
856 4 0 |u https://doktori.bibl.u-szeged.hu/id/eprint/8690/1/1960_tuba_zoltan.pdf  |z Dokumentum-elérés